| 000 | 00536nam a22002297a 4500 | ||
|---|---|---|---|
| 003 | UA-OsUOA | ||
| 001 | 93056 | ||
| 007 | ta | ||
| 008 | 20130114b un ||||| |||| 00| 0 ukr d | ||
| 100 | _aБальбуров А. | ||
| 090 |
_a821.133.1 _bБ21 |
||
| 942 | _cBK | ||
| 040 |
_aUA-OsUOA _brus _cUA-OsUOA _dUA-OsUOA |
||
| 245 | _aПоющие стрелы | ||
| 300 | _a262 с. | ||
| 955 | _a3 | ||
| 041 | _arus | ||
| 080 | _a821.133.1 | ||
| 260 |
_aМ. _bСоветская Россия _c1969 |
||
| 650 | 7 | _2UDC | |
| 999 |
_c379015 _d379015 |
||